Home Workspace Program 2011-12 (Record no. 153)
[ view plain ]
| 000 -LEADER | |
|---|---|
| campo de control de longitud fija | 00435 a2200121 4500 |
| 082 ## - NÚMERO DE LA CLASIFICACIÓN DECIMAL DEWEY | |
| Número de clasificación | 707.956.9 |
| Número de ítem | AS825h2 |
| 110 ## - ENTRADA PRINCIPAL--NOMBRE DE ENTIDAD CORPORATIVA | |
| Nombre de entidad corporativa o nombre de jurisdicción como elemento de entrada | Ashkal Alwan |
| 9 (RLIN) | 737 |
| 245 ## - MENCIÓN DEL TÍTULO | |
| Título | Home Workspace Program 2011-12 |
| Resto del título | Open Studios 19 to 31 July 2012. Opening Wednesday July 18 from 6-9 pm |
| 260 ## - PUBLICACIÓN, DISTRIBUCIÓN, ETC. | |
| Lugar de publicación, distribución, etc. | Beirut, Lebanon |
| Nombre del editor, distribuidor, etc. | Ashkal Alwan |
| Fecha de publicación, distribución, etc. | 2011 |
| 300 ## - DESCRIPCIÓN FÍSICA | |
| Extensión | 29 p |
| Otras características físicas | ill |
| Dimensiones | 21 cm |
| 650 ## - PUNTO DE ACCESO ADICIONAL DE MATERIA--TÉRMINO DE MATERIA | |
| Subdivisión general | exhibicion-programa |
| -- | arte |
| -- | home workspace forum |
| Subdivisión geográfica | libano |
| 9 (RLIN) | 738 |
| 710 ## - ENTRADA AGREGADA--NOMBRE DE ENTIDAD CORPORATIVA | |
| Nombre de entidad corporativa o nombre de jurisdicción como elemento de entrada | Ashkal Alwan |
| 9 (RLIN) | 739 |
| Estatus retirado | Estado de pérdida | Fuente del sistema de clasificación o colocación | Estado de daño | No para préstamo | Biblioteca de origen | Biblioteca actual | Ubicación en estantería | Fecha de adquisición | Total de préstamos | Signatura topográfica completa | Código de barras | Visto por última vez | Precio de reemplazo | Tipo de ítem Koha |
|---|---|---|---|---|---|---|---|---|---|---|---|---|---|---|
| Clasificación Decimal Dewey | Biblioteca LadoV | Biblioteca LadoV | 22/05/2014 | 707.956.9 AS825h2 | 003978 | 22/05/2014 | 22/05/2014 | Material 01 |
